[Event "Challenge"]
[Site "http://www.queenalice.com/game.php?id=150333"]
[Date "2007.1.5"]
[Round "-"]
[White "valdiluis"]
[Black "Fioravante"]
[Result "1-0"]
[WhiteElo "1834"]
[BlackElo "1153"]

1. e4 e5 2. f4 exf4 3. Nf3 Nc6 4. Bc4 g6 5. O-O b6 6. d4 Bh6 7. Ne5 Nb4 8. Nxf7
Bg7 9. Nxd8 Bf6 10. Nf7 Bh4 11. Nxh8 d6 12. Bf7+ Kd7 13. Bxg8 Ba6 14. Qg4+ Kd8
15. Qxh4+ Kd7 16. Qg4+ Kd8 17. Rxf4 Nxc2 18. Rf8+ Ke7 19. Qe6+ 1-0

[Event "AUTO-OPEN-507"]
[Site "http://www.queenalice.com/game.php?id=150342"]
[Date "2007.1.5"]
[Round "1"]
[White "johntelker"]
[Black "Fioravante"]
[Result "1-0"]
[WhiteElo "1649"]
[BlackElo "1095"]

1. d4 d5 2. Nc3 Nf6 3. e4 dxe4 4. f3 exf3 5. Nxf3 b6 6. Bc4 e6 7. O-O h6 8. Ne5
Bd6 9. Qf3 a6 10. Be3 c6 11. Rad1 a5 12. Nxc6 Nxc6 13. Qxc6+ Bd7 14. Qxd6 Rc8
15. Bb3 Rc6 16. Qg3 g5 17. Qe5 Rg8 18. Qxf6 Qxf6 19. Rxf6 e5 20. Rxc6 Bxc6 21.
Rf1 Rg7 22. dxe5 Bxg2 23. Kxg2 Rg6 24. Bxf7+ Ke7 25. Bxg6 Ke6 26. Bd4 g4 27.
Rf6+ Ke7 28. Rxb6 h5 29. Bxh5 Kd8 30. Bxg4 Ke8 31. Rf6 Ke7 32. h4 1-0

[Event "AUTO-OPEN-507"]
[Site "http://www.queenalice.com/game.php?id=150343"]
[Date "2007.1.5"]
[Round "1"]
[White "Fioravante"]
[Black "johntelker"]
[Result "0-1"]
[WhiteElo "1100"]
[BlackElo "1694"]

1. e4 c6 2. g4 d5 3. e5 e6 4. d4 h6 5. b4 Bxb4+ 6. c3 Ba5 7. a4 Ne7 8. h4 Nd7 9.
Bb2 c5 10. Nf3 cxd4 11. Bb5 dxc3 12. Ba3 a6 13. Be2 Qc7 14. h5 c2+ 15. Qd2 Bxd2+
16. Nbxd2 Nxe5 17. Nd4 O-O 18. Rc1 Re8 19. f4 Nd7 20. g5 Qxf4 21. N4f3 Nf5 22.
gxh6 Nxh6 23. Rxc2 Qg3+ 24. Kf1 Ng4 25. Rc3 Qf2# 0-1

[Event "AUTO-OPEN-507"]
[Site "http://www.queenalice.com/game.php?id=150370"]
[Date "2007.1.5"]
[Round "1"]
[White "Fioravante"]
[Black "ferrari"]
[Result "1-0"]
[WhiteElo "1207"]
[BlackElo "1422"]

1. e4 d6 2. d4 Nf6 3. Bb5+ c6 4. Bd3 Nbd7 5. Nf3 e5 6. d5 cxd5 7. exd5 Qa5+ 8.
c3 e4 9. Bc4 exf3 10. gxf3 Be7 11. Qe2 O-O 12. h4 Re8 13. b4 Qc7 14. Na3 Bf8 15.
Bd3 Rxe2+ 16. Bxe2 Qxc3+ 17. Kf1 Qxa1 18. Kg2 Qxa2 19. Re1 1-0

[Event "AUTO-OPEN-507"]
[Site "http://www.queenalice.com/game.php?id=150371"]
[Date "2007.1.5"]
[Round "1"]
[White "ferrari"]
[Black "Fioravante"]
[Result "0-1"]
[WhiteElo "1422"]
[BlackElo "1251"]

1. e4 e5 2. Nf3 d6 3. d4 Nf6 4. dxe5 Nxe4 5. Bd3 Nc5 6. exd6 cxd6 7. O-O Nxd3 8.
Qxd3 Nc6 9. Nc3 Qf6 10. Re1+ Be7 11. Nd5 Qg6 12. Qxg6 hxg6 13. Nc7+ Kf8 14. Nxa8
d5 15. Nc7 Bg4 16. Ne5 Bf5 17. Nxd5 Bc5 18. Nxc6 Bxf2+ 0-1

[Event "AUTO-OPEN-507"]
[Site "http://www.queenalice.com/game.php?id=150372"]
[Date "2007.1.5"]
[Round "1"]
[White "Fioravante"]
[Black "CampbellMarcel"]
[Result "1-0"]
[WhiteElo "1153"]
[BlackElo "1051"]

1. e4 e5 2. g4 d5 3. b4 Bxb4 4. exd5 Qxd5 5. c3 Qxh1 6. Nf3 Bxg4 7. cxb4 Bxf3 8.
Qa4+ Bc6 9. Qc2 Qe4+ 10. Qxe4 Bxe4 11. f3 Bxf3 12. Nc3 Nf6 13. Bb5+ 1-0

[Event "AUTO-OPEN-507"]
[Site "http://www.queenalice.com/game.php?id=150373"]
[Date "2007.1.5"]
[Round "1"]
[White "CampbellMarcel"]
[Black "Fioravante"]
[Result "0-1"]
[WhiteElo "1051"]
[BlackElo "1183"]

1. e4 e5 2. Nf3 d6 3. Nc3 Nf6 4. Bc4 g6 5. O-O Bg7 6. d3 c6 7. Ng5 h6 8. Nxf7
Qd7 9. Nxh8 Bxh8 10. Bxh6 Qh7 11. Bg5 a6 0-1

[Event "Let's Play Chess!"]
[Site "http://www.queenalice.com/game.php?id=150656"]
[Date "2007.1.6"]
[Round "-"]
[White "Fioravante"]
[Black "mc3"]
[Result "0-1"]
[WhiteElo "1100"]
[BlackElo "1478"]

1. e4 e5 2. g4 h6 3. Nf3 d6 4. b4 a6 5. a4 Bxg4 6. Nc3 Qf6 7. Be2 Nc6 8. Ba3 Nd4
9. Nxd4 Bxe2 10. Ncxe2 exd4 11. Rf1 Qe5 12. f3 Qxh2 13. Nxd4 Be7 14. Bb2 Bh4+
15. Rf2 Qxf2# 0-1

[Event "AUTO-OPEN-508"]
[Site "http://www.queenalice.com/game.php?id=150722"]
[Date "2007.1.6"]
[Round "1"]
[White "Fioravante"]
[Black "randz12"]
[Result "0-1"]
[WhiteElo "1207"]
[BlackElo "1605"]

1. e4 e5 2. g4 Nf6 3. f3 g6 4. g5 Nh5 5. Qe2 Bg7 6. b3 Qxg5 7. Nh3 Qh4+ 8. Kd1
O-O 9. d3 Qf6 10. Ba3 d6 11. Nc3 Bxh3 12. Bxh3 Nc6 13. Nb5 Nd4 14. Nxd4 exd4 15.
Bg4 Qg5 16. h4 Qa5 17. Bb2 Ng3 18. Qh2 Nxh1 19. Qxh1 Bh6 20. Bxd4 Qd2# 0-1

[Event "AUTO-OPEN-508"]
[Site "http://www.queenalice.com/game.php?id=150743"]
[Date "2007.1.6"]
[Round "1"]
[White "mad_knight"]
[Black "Fioravante"]
[Result "1-0"]
[WhiteElo "1844"]
[BlackElo "1153"]

1. e4 e5 2. Nf3 f6 3. d4 Nc6 4. dxe5 Bb4+ 5. c3 Ba5 6. Bc4 fxe5 7. Bg5 Nce7 8.
Nxe5 a6 9. Nf7 Nc6 10. Bxd8 Nxd8 11. Nxh8 d6 12. Qh5+ g6 13. Qxa5 c6 14. Bxg8
Bg4 15. c4 b6 16. Qd2 a5 17. Bxh7 g5 18. Qxg5 Be6 19. Qg7 Bxc4 20. Bg6+ 1-0

[Event "AUTO-OPEN-508"]
[Site "http://www.queenalice.com/game.php?id=150757"]
[Date "2007.1.6"]
[Round "1"]
[White "Fioravante"]
[Black "Dalri_Ultreya"]
[Result "0-1"]
[WhiteElo "1289"]
[BlackElo "1676"]

1. e4 e5 2. Nf3 Nc6 3. Nc3 Bb4 4. a3 Bxc3 5. bxc3 Nf6 6. g3 Nxe4 7. d3 Nxc3 8.
Qd2 Na4 9. Qe3 d6 10. h4 O-O 11. Ng5 h6 12. Ne4 Nd4 13. Ng5 Nxc2+ 14. Ke2 Nxe3
15. Bxe3 d5 16. Nh7 Kxh7 17. Bg2 d4 18. Bd2 Qe7 19. Be4+ f5 20. Bd5 c6 21. Bb3
Nc5 22. Bc2 e4 23. dxe4 Nxe4 24. Bf4 Nxg3+ 25. Kf3 Nxh1 26. Rxh1 Qd7 27. Be5
Qd5+ 28. Kf4 g5+ 29. hxg5 Qxh1 30. gxh6 Qh4+ 31. Kf3 Qg4# 0-1

[Event "AUTO-OPEN-508"]
[Site "http://www.queenalice.com/game.php?id=150758"]
[Date "2007.1.6"]
[Round "1"]
[White "Dalri_Ultreya"]
[Black "Fioravante"]
[Result "1-0"]
[WhiteElo "1648"]
[BlackElo "1207"]

1. e4 e5 2. Nf3 Nc6 3. Bb5 a6 4. Ba4 b5 5. Bb3 g6 6. d3 Na5 7. Nxe5 Nxb3 8. axb3
Qe7 9. Nf3 Bg7 10. O-O Nf6 11. Re1 Ng4 12. Ng5 Bd4 13. Qxg4 Bxf2+ 14. Kxf2 h6
15. Nf3 Bb7 16. Be3 h5 17. Qf4 a5 18. Qxc7 Ba6 19. Rxa5 b4 20. Rxa6 Rxa6 21.
Qc8+ 1-0

[Event "Challenge"]
[Site "http://www.queenalice.com/game.php?id=164434"]
[Date "2007.2.6"]
[Round "-"]
[White "rodrigohuii"]
[Black "Fioravante"]
[Result "1-0"]
[WhiteElo "1574"]
[BlackElo "1261"]

1. e4 Nf6 2. e5 Ne4 3. Qf3 Ng5 4. Qh5 g6 5. Qxg5 h6 6. Qf4 f5 7. Nc3 d6 8. Nd5
Qd7 9. e6 Qxe6+ 10. Ne3 g5 11. Qxf5 Qxf5 12. Nxf5 Bxf5 13. d3 d5 14. Be2 g4 15.
h3 h5 16. Bf4 Bg7 17. hxg4 Be6 18. gxh5 Bxb2 19. Rb1 Bc3+ 20. Bd2 Bd4 21. Nf3
Bc5 22. h6 Na6 23. Rxb7 Rg8 24. h7 Rg7 25. h8=Q+ 1-0

[Event "Challenge"]
[Site "http://www.queenalice.com/game.php?id=164435"]
[Date "2007.2.6"]
[Round "-"]
[White "Fioravante"]
[Black "rodrigohuii"]
[Result "0-1"]
[WhiteElo "1253"]
[BlackElo "1580"]

1. Nf3 Nf6 2. Nc3 d6 3. e3 e5 4. Qe2 e4 5. Ng5 Bg4 6. f3 h6 7. fxg4 hxg5 8. Qb5+
Nbd7 9. Qxb7 Be7 10. Nb5 Rb8 11. g3 Rxb7 12. a4 Nc5 13. Bg2 Nxa4 14. b3 Rxb5 15.
Bf1 Rc5 16. Rxa4 Rxc2 17. Bb2 Rxb2 18. Rb4 d5 19. Bb5+ Nd7 20. Bc6 Bxb4 21. Bb5
Bxd2+ 22. Kf1 Bxe3 23. Ba6 Qf6+ 24. Ke1 Qf2+ 0-1

[Event "Challenge"]
[Site "http://www.queenalice.com/game.php?id=165446"]
[Date "2007.2.8"]
[Round "-"]
[White "Fioravante"]
[Black "eduardofelix"]
[Result "0-1"]
[WhiteElo "1273"]
[BlackElo "1452"]

1. Nf3 e6 2. Nc3 Nc6 3. b3 Nf6 4. Ne5 Nxe5 5. d4 Neg4 6. f3 Nh6 7. Nb5 a6 8. Nc3
Nd5 9. Ne4 Bb4+ 10. c3 Nxc3 11. Qd2 Nxe4 12. Qxb4 Nd6 13. e4 O-O 14. Ba3 a5 15.
Qc5 a4 16. Qh5 axb3 17. Qg5 Qxg5 18. h4 Qe3+ 19. Kd1 Qxd4+ 20. Ke2 Qxa1 0-1

[Event "xadrezlaine"]
[Site "http://www.queenalice.com/game.php?id=167741"]
[Date "2007.2.12"]
[Round "-"]
[White "valdiluis"]
[Black "Fioravante"]
[Result "1-0"]
[WhiteElo "1905"]
[BlackElo "1288"]

1. f3 Nf6 2. e4 d6 3. d4 Nc6 4. Bb5 a6 5. Ba4 b5 6. Bb3 e6 7. Nc3 Nh5 8. Qe2
Qh4+ 9. g3 Qe7 10. Be3 Nf6 11. Nh3 b4 12. Na4 Na5 13. O-O Nh5 14. e5 f6 15. g4
g6 16. gxh5 gxh5 17. exf6 Qxf6 18. f4 Qg6+ 19. Kf2 Qg2+ 20. Kxg2 Bb7+ 21. Kf2
Nxb3 22. Qxh5+ 1-0

[Event "Challenge"]
[Site "http://www.queenalice.com/game.php?id=177834"]
[Date "2007.3.6"]
[Round "-"]
[White "rodrigohuii"]
[Black "Fioravante"]
[Result "1-0"]
[WhiteElo "1577"]
[BlackElo "1257"]

1. e4 Nf6 2. Nc3 Nc6 3. Bb5 e5 4. Bxc6 bxc6 5. d3 Bb4 6. Bd2 h5 7. Nf3 Ba6 8.
O-O Ng4 9. Ng5 f6 10. Nf3 Nxh2 11. Nxh2 Qe7 12. a3 Bc5 13. b4 Bd4 14. Rb1 g5 15.
a4 Qe6 16. Qe2 g4 17. b5 Bb7 18. bxc6 dxc6 19. Rxb7 1-0

[Event "Challenge"]
[Site "http://www.queenalice.com/game.php?id=180090"]
[Date "2007.3.11"]
[Round "-"]
[White "FKafka"]
[Black "Fioravante"]
[Result "1-0"]
[WhiteElo "1411"]
[BlackElo "1288"]

1. g3 Nf6 2. Bg2 Ng4 3. h3 Nxf2 4. Kxf2 e5 5. e4 Qf6+ 6. Nf3 Bc5+ 7. Kf1 b6 8.
Nc3 Ba6+ 9. Ke1 Bf2+ 10. Kxf2 Qd6 11. d4 exd4 12. e5 Qe6 13. Ne2 Nc6 14. Nfxd4
1-0